Queen - Bohemian Rhapsody Lyric Quiz - Statistics

General Stats
  • This quiz has been taken 2,254 times
    2,232 since last reset
  • The average score is 291 of 354
Answer Stats
Lyrics % Correct
I
99%
A
98%
Just
97%
No
96%
The
96%
Life
95%
Mama
95%
To
95%
Man
94%
Me
94%
Me.
94%
Real
94%
This
94%
And
93%
Go
93%
Is
93%
Killed
93%
You
93%
Boy
92%
From
92%
Poor
92%
Dead
91%
Do
91%
Fantasy
91%
He's
91%
His
91%
I'm
91%
Now
91%
Gun
90%
Head
90%
Put
90%
Again
89%
All
89%
All.
89%
Has
89%
In
89%
Reality
89%
See
89%
Trigger
89%
Come
88%
Little
88%
Matter
88%
Pulled
88%
Really
88%
Begun
87%
Escape
87%
It
87%
Not
87%
Easy
86%
Against
85%
Eye
85%
My
84%
Away
83%
High
83%
Look
83%
Low
83%
On
83%
Time
83%
Up
83%
Wind
83%
Your
83%
Blows
82%
Need
82%
Caught
81%
Oh
81%
Open
81%
Because
80%
Carry
80%
Eyes
80%
Nothing
80%
But
79%
I've
79%
Landslide
79%
Matters.
79%
Matters
79%
Skies
79%
So
79%
Sympathy
79%
Cry
78%
Die
78%
Doesn't
78%
If
78%
Let
78%
Make
77%
Mean
77%
Tomorrow
77%
Didn't
76%
Will
76%
Back
75%
Don't
75%
Family
75%
Love
75%
As
73%
Gone
73%
Thrown
73%
At
72%
Can
72%
Gallileo
71%
Leave
71%
Want
71%
Anyway
70%
Never
70%
Of
70%
Born
69%
For
68%
Him
68%
Nobody
68%
Very
68%
We
68%
Wish
68%
Loves
67%
Been
66%
Mia
66%
Sometimes
66%
Too
66%
Gotta
65%
Down
64%
Fandango
64%
Lightning
64%
Out
64%
Think
64%
Baby
63%
Frightening
63%
Get
63%
Late
63%
Spine
63%
Aching
62%
I'd
62%
Shivers
62%
Thunderbolt
62%
Devil
61%
Here
61%
Body's
60%
Figaro
60%
Monstrosity
60%
Face
59%
Send
59%
Truth
59%
Behind
58%
Right
58%
Spit
58%
Spare
56%
Anyone
55%
Can't
55%
Aside
53%
Magnifico
53%
Scaramouch
53%
Bismillah
52%
Outta
50%
Silhouetto
45%
Beelzebub
44%
Yeah
29%
Stone
27%
No matching quizzes found
Score Distribution
Percent of People with Each Score
Percentile by Number Answered
Your Score History
You have not taken this quiz since the last reset